Droit Social

Detalles Bibliográficos
Formato: Revista
Lenguaje:francés
Publicado: Paris : Editions Techniques et Economiques, 1938-
Materias:
Acceso en línea:http://www.vlex.com/source/7184

MARC

LEADER 00000nas a22000007a 4500
005 20130315150844.0
007 cr|||| ||||
008 130315c19389999fr mr|p s|||| 0|||b1fre d
022 |a 126438  
035 |a 7184 
040 |a vLex 
090 |c 3941  |d 3941 
245 0 0 |a Droit Social  |h [Recurso electrn̤ico]  
256 |a Servicio en ln̕ea 
260 |a Paris :  |b Editions Techniques et Economiques,   |c 1938- 
300 |a 1 Recurso electrn̤ico 
506 |d vLex Global  |d vLex Global (Academic Edition, excluding Law Schools)  |d vLex Global (U.S. Academic Edition, Law Schools)  |d vLex Global (U.S. Academic Edition, excluding Law Schools)  |d vLex Global (Academic Edition, Law Schools) 
650 0 4 |a Derecho laboral y Seguridad Social  |v Revista 
740 |a vLex Revistas (Servicio en ln̕ea) 
856 |a Acceso restringido  |u http://www.vlex.com/source/7184 
942 |c REV 
999 0 |a Labor law and legislation